| 000 | 00877nab a2200277 4500 | ||
|---|---|---|---|
| 003 | BR-BrBNA | ||
| 005 | 20250312153911.0 | ||
| 008 | 250312b bl.||||| |||| 00| 0 por d | ||
| 040 |
_aBR-BrBNA _bpor |
||
| 072 | _aP10 ; F06 | ||
| 100 | _aGantois, Gustavo | ||
| 245 |
_aCiro Gomes e os bispos _bAgroeconomia |
||
| 500 | _a2 illus. | ||
| 650 | _aRIO SÃO FRANCISCO | ||
| 650 | _aMANEJO | ||
| 650 | _aBACIA HIDROGRÁFICA | ||
| 650 | _aNORDESTE | ||
| 650 | _aFRONTEIRA AGRÍCOLA | ||
| 650 | _aINVESTIMENTO | ||
| 650 | _aLICENCIAMENTO AMBIENTAL | ||
| 650 | _aABASTECIMENTO DE ÁGUA | ||
| 650 | _aCUSTO-BENEFÍCIO | ||
| 773 | 0 |
_01706 _9347828 _dSão Paulo-SP Editora Três Ltda - E-mail: luizfsa@revistadinheiro.com.br 2004 _o2025-0329 _tDinheiro Rural (Brazil) _x1807-3700 _gv. 2(14) p. 20-22; (Dec 2005) _wBR2025000091 |
|
| 942 | _cANA | ||
| 999 |
_c330354 _d330354 |
||